| 000 | 00602nam a22002177a 4500 | ||
|---|---|---|---|
| 003 | OSt | ||
| 005 | 20161208134617.0 | ||
| 008 | 161208b xxu||||| |||| 00| 0 eng d | ||
| 020 | _a9781292021171 | ||
| 040 | _cDDC | ||
| 082 | _a001.42 ORM 2014 | ||
| 100 |
_aOrmrod, Paul D. Leedy Jeanne Ellis _911361 |
||
| 245 | _aPractical Research Planning and Design | ||
| 250 | _a10th ed. | ||
| 260 | _aEdinburgh; Pearson, 2014 | ||
| 300 | _a374p;ill: 28cm | ||
| 504 | _aAppendix, references, & index included | ||
| 650 |
_aResearch design _99376 |
||
| 650 |
_aResearch methods _92296 |
||
| 942 |
_2z _cO_SHELF |
||
| 999 |
_c5435 _d5435 |
||